| 000 | 00829nam a2200241Ia 4500 | ||
|---|---|---|---|
| 003 | GCL | ||
| 008 | 140319s9999 xx 000 0 ara d | ||
| 040 |
_aGCL / _cGCL |
||
| 082 | 0 | 4 |
_a967.73 _bه س |
| 100 | 1 | _aالهام محمد على ذهنى | |
| 245 | 1 | 0 |
_aسياسة فرنسا التوسعية فى شرق افريقيا فى النصف الثانى من القرن التاسع عشر ( مدغشقر - جزر القمر - الصومال الفرنسى) / _cالهام محمد على ذهنى |
| 260 |
_a[S.N] : _bدار الكتاب الجامعى |
||
| 300 | _a157 ص | ||
| 490 | _a | ||
| 650 | 0 | 4 | _aتاريخ |
| 650 | 0 | 4 | _aفرنسا |
| 650 | 0 | 4 | _aتاريخ حديث |
| 650 | 0 | 4 | _aافريقيا |
| 650 | 0 | 4 | _aالصومال |
| 650 | 0 | 4 | _aمدغشقر |
| 650 | 0 | 4 | _aجزر القمر |
| 942 |
_2ddc _cBK |
||
| 999 |
_c55862 _d55862 |
||